[Event "4NCL Division 2d"]
[Site "Telford, ENG"]
[Date "2018.05.05"]
[Round "9.84"]
[White "Brooks, Phil J"]
[Black "Hodgson, John H"]
[Result "1/2-1/2"]
[WhiteElo "2170"]
[BlackElo "2091"]
[PlyCount "127"]
[EventDate "2018.05.05"]
[WhiteTeam "Warwickshire Select 1"]
[BlackTeam "Barbican Youth"]

1. d4 Nf6 2. c4 g6 3. Nc3 d5 4. Bg5 Ne4 5. Bh4 Nxc3 6. bxc3 dxc4 7. e3 Be6 8.
Nf3 Nd7 9. Be2 Bg7 10. O-O Nb6 11. Qc2 O-O 12. a4 a5 13. Rfb1 Qe8 14. Nd2 Bd5
15. e4 Bc6 16. Nxc4 Bxa4 17. Qa2 Nxc4 18. Qxc4 b5 19. Qxc7 Qc8 20. Qxc8 Rfxc8
21. Bxe7 Rxc3 22. e5 Re8 23. Bd6 Bf8 24. Bxf8 Kxf8 25. Bxb5 Bxb5 26. Rxb5 Rd3
27. Rbxa5 Rxd4 28. g3 Re4 29. f4 Re2 30. R5a2 Rxa2 31. Rxa2 h5 32. Kf2 Rb8 33.
Kg2 Rb6 34. Kh3 f6 35. Ra8+ Kf7 36. Ra7+ Kf8 37. exf6 Rxf6 38. Kh4 Rf5 39. Rb7
Ra5 40. Rc7 Rb5 41. Ra7 Rc5 42. h3 Rb5 43. g4 hxg4 44. hxg4 Rc5 45. Ra3 Kf7 46.
Kg3 Rb5 47. Kf3 Rb7 48. Rd3 Ra7 49. Ke4 Re7+ 50. Kf3 Ra7 51. Kg3 Ra4 52. Rd7+
Kf8 53. g5 Ra3+ 54. Kf2 Rb3 55. Ke2 Ra3 56. Rd3 Ra7 57. Rd6 Kf7 58. Ke3 Rb7 59.
Ke4 Ra7 60. Ke5 Ra5+ 61. Rd5 Ra7 62. Rc5 Re7+ 63. Kd5 Rd7+ 64. Ke5 1/2-1/2

[Event "4NCL Division 2d"]
[Site "Telford, ENG"]
[Date "2018.05.05"]
[Round "9.85"]
[White "Hughes, Roy"]
[Black "Shephard, Chris C W"]
[Result "0-1"]
[WhiteElo "2034"]
[BlackElo "2200"]
[PlyCount "64"]
[EventDate "2018.05.05"]
[WhiteTeam "Barbican Youth"]
[BlackTeam "Warwickshire Select 1"]

1. d4 Nf6 2. Nf3 c5 3. d5 d6 4. c4 e5 5. Nc3 g6 6. e4 Bg7 7. h3 Nbd7 8. Bd3 a6
9. O-O O-O 10. Be3 Rb8 11. a4 Nh5 12. g3 Qe8 13. Nh4 Qe7 14. Nf5 gxf5 15. Qxh5
f4 16. gxf4 exf4 17. Bxf4 Ne5 18. Be2 f5 19. Bg5 Qd7 20. f4 Nf7 21. Rae1 Nxg5
22. Qxg5 Kh8 23. Kh2 Bf6 24. Qh5 Bd4 25. Bd3 Qg7 26. exf5 Rg8 27. Be4 Bd7 28.
Re2 Qg3+ 29. Kh1 Be8 30. Qh6 Bg7 31. Qxd6 Qxh3+ 32. Rh2 Qxf1# 0-1

[Event "4NCL Division 2d"]
[Site "Telford, ENG"]
[Date "2018.05.05"]
[Round "9.86"]
[White "Hynes, Anthony M"]
[Black "Harari, Zaki"]
[Result "0-1"]
[WhiteElo "2147"]
[BlackElo "2030"]
[PlyCount "104"]
[EventDate "2018.05.05"]
[WhiteTeam "Warwickshire Select 1"]
[BlackTeam "Barbican Youth"]

1. e4 e5 2. Nf3 Nc6 3. Bc4 Bc5 4. c3 Nf6 5. d3 O-O 6. O-O d5 7. exd5 Nxd5 8. b4
Be7 9. Re1 Bf6 10. b5 Na5 11. Bxd5 Qxd5 12. c4 Qd8 13. Re4 Bf5 14. Nc3 Bxe4 15.
Nxe4 b6 16. Nxf6+ Qxf6 17. Bb2 Rfe8 18. c5 Qf5 19. Rc1 Rad8 20. Ne1 Qf4 21.
cxb6 cxb6 22. a4 Rc8 23. g3 Rxc1 24. Bxc1 Qf5 25. Bb2 h6 26. Kg2 Rd8 27. Bc3
Nb7 28. Qe2 f6 29. Qa2+ Kh7 30. Qf7 Qd7 31. Qc4 Qd5+ 32. Qxd5 Rxd5 33. Kf3 Nc5
34. a5 Na4 35. Bd2 Rxb5 36. axb6 axb6 37. Ke4 Kg6 38. f4 Rb2 39. Nf3 Nc5+ 40.
Ke3 exf4+ 41. gxf4 Rb3 42. Ne1 Kf5 43. Kd4 Rb1 44. Ke3 Ke6 45. Nf3 Kd5 46. d4
Rb3+ 47. Ke2 Ne6 48. Be3 b5 49. f5 Ng5 50. Nd2 Ra3 51. h4 Ne4 52. Nf1 b4 0-1

[Event "4NCL Division 2d"]
[Site "Telford, ENG"]
[Date "2018.05.05"]
[Round "9.87"]
[White "Morrison, Lynne G P"]
[Black "Fallowfield, Jeremy R"]
[Result "0-1"]
[WhiteElo "1854"]
[BlackElo "2155"]
[PlyCount "58"]
[EventDate "2018.05.05"]
[WhiteTeam "Barbican Youth"]
[BlackTeam "Warwickshire Select 1"]

1. d4 Nf6 2. Nf3 d5 3. e3 g6 4. Bd3 Bg7 5. Nbd2 O-O 6. O-O c5 7. c3 Nbd7 8. Re1
Qc7 9. e4 cxd4 10. Nxd4 Nc5 11. Bc2 Ncxe4 12. Nxe4 dxe4 13. Bxe4 Nxe4 14. Rxe4
e5 15. Nf3 Rd8 16. Qe2 Bf5 17. Rh4 Bd3 18. Qe1 Rd7 19. Bh6 Bh8 20. g4 Rad8 21.
Qe3 Bb5 22. Qxa7 Rd1+ 23. Rxd1 Rxd1+ 24. Kg2 Bc6 25. Qa3 Qd8 26. g5 Rg1+ 27.
Kxg1 Qd1+ 28. Kg2 Qxf3+ 29. Kf1 Qd1# 0-1

[Event "4NCL Division 2d"]
[Site "Telford, ENG"]
[Date "2018.05.05"]
[Round "9.88"]
[White "Bowcott-Terry, Finlay"]
[Black "Klingher, Bernard"]
[Result "1-0"]
[WhiteElo "1825"]
[BlackElo "1337"]
[PlyCount "39"]
[EventDate "2018.05.05"]
[WhiteTeam "Warwickshire Select 1"]
[BlackTeam "Barbican Youth"]

1. e4 e6 2. d3 d5 3. Nd2 Nf6 4. Ngf3 c5 5. g3 Nc6 6. Bg2 Be7 7. O-O O-O 8. e5
Nd7 9. Re1 f6 10. exf6 Nxf6 11. Nf1 Qa5 12. Bh3 e5 13. Bxc8 Raxc8 14. Nxe5 Nxe5
15. Rxe5 Bd6 16. Re2 d4 17. Bg5 Qc7 18. Bxf6 Rxf6 19. Nd2 Qb6 20. Qf1 {Score
unreadable} 1-0